Statistics for Everything in the Spelunky 2 Journal

Click here to take the quiz!

General Stats

  • This quiz has been taken 33 times
  • The average score is 109 of 210

Answer Stats

TypeAnswer% Correct
PlaceJungle
96%
PlaceDwelling
88%
MonsterOlmec
88%
ItemShotgun
88%
PersonGuy Spelunky
83%
PlaceOlmec's Lair
83%
PersonShopkeeper
83%
PlaceTemple of Anubis
83%
PlaceVolcana
83%
PersonAna Spelunky
79%
TrapArrow Trap
79%
ItemBomb Bag
79%
ItemBomb Box
79%
MonsterCaveman
79%
ItemHoverpack
79%
PlaceIce Caves
79%
ItemJetpack
79%
PlaceNeo Babylon
79%
ItemPowerpack
79%
MonsterSpider
79%
TrapSpikes
79%
MonsterBat
75%
ItemEggplant
75%
PersonLISE Project
75%
PersonLiz Mutton
75%
PersonRoffy D. Sloth
75%
ItemRope Pile
75%
MonsterSkeleton
75%
MonsterSnake
75%
PlaceThe City of Gold
75%
PlaceTide Pool
75%
PersonColin Northward
71%
MonsterGiant Spider
71%
PersonTun
71%
MonsterVlad
71%
MonsterYeti
71%
PlaceAbzu
67%
MonsterAlien
67%
TrapBear Trap
67%
ItemCape
67%
PlaceCosmic Ocean
67%
ItemCrown
67%
PlaceDuat
67%
MonsterQuillback
67%
MonsterRock Dog
67%
PlaceSunken City
67%
MonsterTiamat
67%
MonsterVampire
67%
ItemVlad's Cape
67%
PersonYang
67%
MonsterYeti King
67%
MonsterYeti Queen
67%
PersonClassic Guy
63%
ItemClimbing Gloves
63%
ItemCrossbow
63%
PersonDemi von Diamonds
63%
PlaceEggplant World
63%
ItemFreeze Ray
63%
MonsterFrog
63%
PersonHired Hand
63%
MonsterHorned Lizard
63%
MonsterHundun
63%
MonsterOlmite
63%
PersonPilot
63%
ItemSpring Shoes
63%
MonsterThe Ghost
63%
PlaceTiamat's Throne
63%
MonsterUFO
63%
PersonAlto Singh
58%
MonsterAnubis
58%
ItemArrow Of Light
58%
PersonAu
58%
ItemClone Gun
58%
MonsterCobra
58%
PersonCoco von Diamonds
58%
PersonEggplant Child
58%
ItemExcalibur
58%
MonsterFlying Fish
58%
ItemHedjet
58%
MonsterHermit Crab
58%
PersonManfred Tunnel
58%
MonsterMummy
58%
ItemPaste
58%
ItemRoyal Jelly
58%
MonsterScorpion
58%
ItemSkeleton Key
58%
ItemSpike Shoes
58%
ItemTelepack
58%
ItemTeleporter
58%
MonsterTiki Man
58%
PersonTina Flan
58%
MonsterBee
54%
PersonBeg
54%
PersonDirk Yamaoka
54%
MonsterGhist
54%
PlaceHundun's Hideaway
54%
MonsterJiangshi
54%
MonsterMole
54%
MonsterMonkey
54%
MonsterMonty
54%
ItemPlasma Cannon
54%
MonsterRobot
54%
ItemWebgun
54%
MonsterWitch Doctor
54%
ItemAnkh
50%
TrapBoulder
50%
TrapCrush Trap
50%
MonsterImp
50%
MonsterKingu
50%
PersonLittle Jay
50%
PersonMadame Tusk
50%
MonsterMagmar
50%
PersonMargaret Tunnel
50%
MonsterOctopy
50%
MonsterOsiris
50%
ItemParachute
50%
MonsterPercy
50%
ItemPitcher's Mitt
50%
PersonVan Horsing
50%
MonsterAxolotl
46%
PersonCaveman Shopkeeper
46%
ItemCompass
46%
ItemCurse Pot
46%
ItemEggplant Crown
46%
MonsterFire Bug
46%
MonsterGolden Monkey
46%
ItemHou Yi's Bow
46%
MonsterJiangshi Assassin
46%
ItemKapala
46%
TrapLaser Trap
46%
MonsterLavamander
46%
MonsterMosquito
46%
MonsterQilin
46%
MonsterQueen Bee
46%
MonsterSorceress
46%
ItemSpectacles
46%
PersonTusk's Bodyguard
46%
ItemUdjat Eye
46%
ItemAlien Compass
42%
MonsterAnubis II
42%
ItemBoomerang
42%
PersonGhist Shopkeeper
42%
ItemGolden Idol
42%
MonsterLamassu
42%
ItemMachete
42%
MonsterMantrap
42%
ItemMattock
42%
PersonParsnip
42%
PersonPrincess Airyn
42%
MonsterProto Shopkeeper
42%
TrapSpark Trap
42%
PersonSparrow
42%
ItemTablet of Destiny
42%
ItemThe True Crown
42%
TrapTotem Trap
42%
ItemUshabti
42%
PersonWaddler
42%
ItemCamera
38%
MonsterCave Turkey
38%
MonsterCrocman
38%
ItemElixir
38%
MonsterLahamu
38%
MonsterLeprechaun
38%
TrapLion Trap
38%
MonsterNecromancer
38%
PersonParmesan
38%
PersonParsley
38%
MonsterPoochi
38%
ItemScepter
38%
MonsterApep
33%
ItemBroken Sword
33%
MonsterCat Mummy
33%
PersonEggplant King
33%
ItemFour-leaf Clover
33%
TrapFrog Trap
33%
TrapGiant Crush Trap
33%
MonsterGreat Humphead
33%
TrapLand Mine
33%
PersonNekka the Eagle
33%
MonsterPangxie
33%
MonsterScarab
33%
PersonTerra Tunnel
33%
ItemCooked Turkey
29%
MonsterEggplant Minister
29%
MonsterFire Frog
29%
MonsterGiant Fly
29%
MonsterGrub
29%
TrapLog Trap
29%
TrapPowder Box
29%
TrapSpear Trap
29%
ItemThe Tusk Idol
29%
PersonValerie Crump
29%
MonsterAmmit
25%
MonsterEggplup
25%
TrapGiant Clam
25%
MonsterHang Spider
25%
MonsterMech Rider
25%
ItemMetal Shield
25%
TrapSpikeball
25%
TrapSpring Trap
25%
MonsterTadpole
25%
TrapThorny Vine
25%
ItemWooden Shield
25%
TrapFalling Platform
21%
MonsterGoliath Frog
21%
MonsterCelestial Jelly
17%
TrapEgg Sac
17%
TrapSticky Trap
17%
TrapSliding Wall
13%
TrapBone Drop
8%

Score Distribution

Percentile by Number Answered

Percent of People with Each Score

Your Score History

You have not taken this quiz